01129nam a2200193Ia 4500001001000000003001000010008004100020040002500061041001300086100001500099245002300114250001100137260006700148300002800215500027200243501011400515520027200629650003400901L235-7439IT-CnALBA170116s9999||||xx |||||||||||||| ||und|| aIT-CnALBAcIT-CnALBA aITALIANO aSOLA MARIA 0aMAMMA GUIDAMI TU.  a4a ed. aCINISELLO BALSAMO (MI)bEDIZIONI PAOLINEc1966 [1° Ed.: n.d.] a218 p. (prefazione: 56) aAURORA PIÙ BELLA. BABBO E MAMMA. FANCIULLO MODELLO. CONCEZIONE DI MARIA. FIAT. MAGNIFICAT. NASCITA DI GESÙ. SIMEONE E GESÙ. IN EGITTO. FANCIULLEZZA DI GESÙ. GESÙ LAVORATORE. ANGOSCIA. PREDICAZIONE. OPPOSITORI DI GESÙ. CONFESSIONE DI PIETRO. LA VIA DEL DOL aSocietà San Paolo EM - Piazza San Paolo, 14 - 12051 ALBA (CN) (non commercial uses only) ® Copyright 2017 aAURORA PIÙ BELLA. BABBO E MAMMA. FANCIULLO MODELLO. CONCEZIONE DI MARIA. FIAT. MAGNIFICAT. NASCITA DI GESÙ. SIMEONE E GESÙ. IN EGITTO. FANCIULLEZZA DI GESÙ. GESÙ LAVORATORE. ANGOSCIA. PREDICAZIONE. OPPOSITORI DI GESÙ. CONFESSIONE DI PIETRO. LA VIA DEL DOL aMARIA SS. ANGELI SANTI DEMONI